Iluminación.
Uloženo v:
| Hlavní autor: | |
|---|---|
| Médium: | Kniha |
| Vydáno: |
Barcelona, España:
Blume,
2014.
|
| Vydání: | 2a. edición. |
| Edice: | Fotografía,
|
| Témata: | |
| Tagy: |
Přidat tag
Žádné tagy, Buďte první, kdo vytvoří štítek k tomuto záznamu!
|
MARC
| LEADER | 00000nam a22000007a 4500 | ||
|---|---|---|---|
| 003 | CL-VaPUC | ||
| 005 | 20250407202437.0 | ||
| 008 | 250306t2014 ||||| |||| 00| 0 eng d | ||
| 999 | |c 447127 |d 447125 | ||
| 020 | |a 978-84-15317-70-8 | ||
| 040 | |c Pontificia Universidad Católica de Valparaíso | ||
| 082 | |a 778.72 PRÄ 2014 | ||
| 100 | |9 896352 |a Präkel, David |e autor | ||
| 245 | |a Iluminación. | ||
| 250 | |a 2a. edición. | ||
| 260 | |a Barcelona, España: |b Blume, |c 2014. | ||
| 300 | |a 191 páginas: |b fotografías. | ||
| 490 | |a Fotografía, |n 2. | ||
| 500 | |a c.1-c.3. Instituto Arcos.08-01-2025. | ||
| 583 | |c 20250306 |k Gabriela Rodríguez Cuevas | ||
| 650 | 0 | |9 862305 |a Fotografía |v Iluminación | |
| 650 | 0 | |9 895700 |a Fotografía |x Técnicas | |
| 942 | |2 ddc |c BK |n 0 | ||
| 952 | |0 0 |1 0 |2 ddc |4 0 |6 778_720000000000000_PRÄ_2014 |7 0 |8 A |9 600652 |a BIBINC |b BIBINC |d 2025-03-06 |e Instituto Arcos |i 5665575 |o 778.72 PRÄ 2014 |p 5665575 |r 2025-03-06 |t 1 |w 2025-03-06 |y BK |k IFP | ||
| 952 | |0 0 |1 0 |2 ddc |4 0 |6 778_720000000000000_PRÄ_2014 |7 0 |8 A |9 600653 |a BIBINC |b BIBINC |d 2025-03-06 |e Instituto Arcos |i 5665576 |o 778.72 PRÄ 2014 |p 5665576 |r 2025-03-06 |t 2 |w 2025-03-06 |y BK |k IFP | ||
| 952 | |0 0 |1 0 |2 ddc |4 0 |6 778_720000000000000_PRÄ_2014 |7 0 |8 A |9 600654 |a BIBINC |b BIBINC |d 2025-03-06 |e Instituto Arcos |i 5665577 |o 778.72 PRÄ 2014 |p 5665577 |r 2025-03-06 |t 3 |w 2025-03-06 |y BK |k IFP | ||